000 00271nam a2200109Ia 4500
008 221009s9999 xx 000 0 und d
082 _a307.7/SAR
100 _aDasgupta, Samira
_91277
245 0 _aSpectrum Of Tribal Bastar
260 _bAgam Kala Prakashan,
942 _cBK
999 _c64826
_d64826